000 00766nam a22002777a 4500
001 BR9001904
003 BR-BrBNA
005 20230928093427.0
007 ta
008 230509b bl.||||| |||| 00| 0 por d
040 _aBR-BrBNA
_bpor
_cBiblioteca Nacional de Agricultura
041 _a(Por)
072 _aF07
_b0120
090 _ 0120 BR9001904
100 1 _aCastro, O.M. de
110 1 _aFundacao Cargill, Campinas, SP (Brasil)
245 1 _aPreparo do solo para a cultura do milho
260 3 _aCampinas, SP (Brasil):
_c1989.
300 _a41 p.
500 _a17 ref.; 5 graphs; 19 illus.; Serie desconsiderada
650 _aMILHO
650 _aCULTIVO DO SOLO
650 _aPLANTIO DIRETO
909 _a202309
_bLucia
_c55
_dLucia Elande
942 _cBK
999 _c44921
_d44921